[Event "Mar del Plata op 53rd"]
[Site "Mar del Plata"]
[Date "2024.03.30"]
[Round "9"]
[White "Moreno Perez, Tobias Sebastian"]
[Black "Flores, Diego"]
[Result "0-1"]
[WhiteElo "2246"]
[BlackElo "2530"]
[PlyCount "78"]
[EventDate "2024.03.23"]
[EventType "swiss"]
[EventRounds "9"]
[EventCountry "ARG"]
[SourceTitle "CB14_2024"]
[SourceDate "2024.04.01"]
[SourceVersion "1"]
[SourceVersionDate "2024.04.01"]
[SourceQuality "1"]

1. Nf3 g6 2. c4 Bg7 3. Nc3 d6 4. g3 e5 5. Bg2 Nc6 6. d3 f5 7. 0-0 Nf6 8. Rb1 0-0 9. b4 h6 10. b5 Ne7 11. Ba3 Be6 12. Nd2 Rb8 13. e3 Qd7 14. c5 b6 15. cxd6 cxd6 16. Nc4 Ne8 17. Qa4 Rc8 18. Ne2 Rf7 19. Rbc1 Kh7 20. Nd2 d5 21. Nf3 Rxc1 22. Rxc1 g5 23. Bb2 Ng6 24. d4 e4 25. Ne5 Bxe5 26. dxe5 f4 27. Nd4 Bh3 28. e6 Bxe6 29. Nxe6 Qxe6 30. Qd4 Nc7 31. a4 Qf5 32. h3 Ne6 33. Qd2 Nc5 34. Rd1 Nd3 35. Bd4 h5 36. Qc3 fxg3 37. fxg3 Qf2+ 38. Kh2 h4 39. Rf1 Qxg3+ 0-1

[Event "Mar del Plata op 53rd"]
[Site "Mar del Plata"]
[Date "2024.03.26"]
[Round "4"]
[White "Moreno Perez, Tobias Sebastian"]
[Black "Spata, German"]
[Result "1/2-1/2"]
[WhiteElo "2246"]
[BlackElo "2421"]
[PlyCount "140"]
[EventDate "2024.03.23"]
[EventType "swiss"]
[EventRounds "9"]
[EventCountry "ARG"]
[SourceTitle "CB14_2024"]
[SourceDate "2024.04.01"]
[SourceVersion "1"]
[SourceVersionDate "2024.04.01"]
[SourceQuality "1"]

1. Nf3 d5 2. c4 e6 3. g3 Nf6 4. Bg2 dxc4 5. Qa4+ Bd7 6. Qxc4 c5 7. 0-0 b5 8. Qc2 Nc6 9. a4 b4 10. d3 Rc8 11. Nbd2 Be7 12. Nc4 0-0 13. Bd2 Nd5 14. Rfc1 Nb6 15. Nce5 Nxe5 16. Nxe5 Bf6 17. Nxd7 Qxd7 18. a5 Nd5 19. Qb3 Ne7 20. Be3 Qb5 21. Qc4 Qxc4 22. Rxc4 Bxb2 23. Rb1 Ba3 24. Bxc5 Rc7 25. a6 Rd8 26. Bb7 Nc6 27. Bxa7 Rxb7 28. axb7 Nxa7 29. Rc7 Rb8 30. d4 Kf8 31. e4 Ke8 32. d5 Kd8 33. Rxf7 exd5 34. exd5 Nb5 35. Rxg7 Nd6 36. Rxh7 Rxb7 37. Rxb7 Nxb7 38. h4 Nc5 39. h5 Ke7 40. g4 b3 41. d6+ Kxd6 42. h6 Bb4 43. Kf1 Ke6 44. Ke2 Kf7 45. f4 Bc3 46. g5 Kg6 47. Kf3 b2 48. Kg4 Ne4 49. f5+ Kf7 50. h7 Kg7 51. g6 Nd2 52. Rh1 Kf8 53. Kg5 Ne4+ 54. Kf4 Nd2 55. h8Q+ Bxh8 56. Rxh8+ Ke7 57. Rh7+ Ke8 58. Rh8+ Ke7 59. Rh7+ Ke8 60. Rb7 b1Q 61. Rxb1 Nxb1 62. f6 Nd2 63. f7+ Ke7 64. Kg5 Ne4+ 65. Kh6 Kf8 66. Kh7 Ng5+ 67. Kh8 Nxf7+ 68. Kh7 Ng5+ 69. Kh8 Nf7+ 70. Kh7 Ng5+ 1/2-1/2

[Event "Buenos Aires Torre Blanca"]
[Site "Buenos Aires"]
[Date "2023.12.02"]
[Round "9"]
[White "Perez Candelas, Andres Eloy"]
[Black "Moreno Perez, Tobias Sebastian"]
[Result "0-1"]
[WhiteElo "2227"]
[BlackElo "2255"]
[PlyCount "78"]
[EventDate "2023.11.25"]
[EventType "tourn"]
[EventRounds "9"]
[EventCountry "ARG"]
[EventCategory "1"]
[SourceTitle "CB49_2023"]
[SourceDate "2023.12.06"]
[SourceVersion "1"]
[SourceVersionDate "2023.12.06"]
[SourceQuality "1"]

1. e4 c6 2. d4 d5 3. exd5 cxd5 4. c4 Nf6 5. Nc3 Nc6 6. Nf3 Bg4 7. cxd5 Nxd5 8. Qb3 Bxf3 9. gxf3 Nb6 10. Be3 e6 11. Rg1 Qc7 12. 0-0-0 g6 13. d5 Nxd5 14. Rxd5 exd5 15. Nxd5 Qd6 16. Kb1 Bg7 17. Bf4 Be5 18. Bg5 0-0 19. f4 Bg7 20. Bg2 Rfe8 21. Rd1 Nd4 22. Qc4 Kh8 23. Ne3 Qb6 24. Nd5 Qe6 25. a3 Rac8 26. Qd3 Nf5 27. Bh3 Qe2 28. Nf6 Qxd3+ 29. Rxd3 Re6 30. Nh5 h6 31. Bxf5 gxf5 32. Bh4 Rb6 33. b4 Rbc6 34. Rd5 Rc2 35. Nxg7 Kxg7 36. Rxf5 Re2 37. Rd5 Rcc2 38. Rd6 Rcd2 39. Bf6+ Kh7 0-1

[Event "Buenos Aires Torre Blanca"]
[Site "Buenos Aires"]
[Date "2023.11.28"]
[Round "5"]
[White "Dubrovich, Igor"]
[Black "Moreno Perez, Tobias Sebastian"]
[Result "0-1"]
[WhiteElo "1982"]
[BlackElo "2255"]
[PlyCount "92"]
[EventDate "2023.11.25"]
[EventType "tourn"]
[EventRounds "9"]
[EventCountry "ARG"]
[EventCategory "1"]
[SourceTitle "CB49_2023"]
[SourceDate "2023.12.06"]
[SourceVersion "1"]
[SourceVersionDate "2023.12.06"]
[SourceQuality "1"]

1. e4 c6 2. d4 d5 3. e5 Bf5 4. h4 Qb6 5. g4 Bd7 6. Nc3 h5 7. gxh5 Bf5 8. Bh3 Bxh3 9. Nxh3 e6 10. Na4 Qa5+ 11. c3 Qc7 12. b4 Ne7 13. Be3 Nf5 14. Ng5 Nd7 15. Nb2 Nb6 16. a3 a5 17. Kf1 Be7 18. Kg2 axb4 19. cxb4 Qd7 20. Qg4 Nc4 21. Nxc4 dxc4 22. Nf3 Qd5 23. Kh3 Kd7 24. Bg5 f6 25. Bf4 Rag8 26. Rhg1 g5 27. exf6 gxf4 28. Ne5+ Kc7 29. Qxf4 Bd6 30. f7 Rf8 31. Rad1 Rxh5 32. Rg4 Bxe5 33. Qxe5+ Qxe5 34. dxe5 Rxf7 35. Rxc4 Rfh7 36. b5 Rxh4+ 37. Rxh4 Rxh4+ 38. Kg2 cxb5 39. Rc1+ Kb6 40. Rc8 Re4 41. Re8 Rxe5 42. Kf3 Re1 43. Kf4 Nd4 44. Kg5 Re5+ 45. Kf4 Re2 46. f3 e5+ 0-1

[Event "Buenos Aires Torre Blanca"]
[Site "Buenos Aires"]
[Date "2023.11.26"]
[Round "3"]
[White "Olivieri, Martin"]
[Black "Moreno Perez, Tobias Sebastian"]
[Result "1/2-1/2"]
[WhiteElo "2089"]
[BlackElo "2255"]
[PlyCount "79"]
[EventDate "2023.11.25"]
[EventType "tourn"]
[EventRounds "9"]
[EventCountry "ARG"]
[EventCategory "1"]
[SourceTitle "CB49_2023"]
[SourceDate "2023.12.06"]
[SourceVersion "1"]
[SourceVersionDate "2023.12.06"]
[SourceQuality "1"]

1. e4 c6 2. Nc3 d5 3. Nf3 dxe4 4. Nxe4 Nf6 5. Nxf6+ exf6 6. d4 Bd6 7. Be2 0-0 8. 0-0 Nd7 9. c4 Re8 10. Be3 Nf8 11. Qd2 Ng6 12. Rad1 Qc7 13. g3 f5 14. c5 Bf8 15. Bc4 Be6 16. Bxe6 Rxe6 17. d5 cxd5 18. Nd4 Re4 19. Nxf5 Rd8 20. Bd4 Qd7 21. Qg5 Rde8 22. f3 R4e6 23. f4 Re2 24. Rf2 Qa4 25. Rdf1 Rxf2 26. Bxf2 Qxa2 27. h4 Qc4 28. h5 f6 29. Qg4 Ne5 30. Nh6+ Kh8 31. fxe5 gxh6 32. Qxc4 dxc4 33. exf6 Kg8 34. c6 bxc6 35. Bxa7 Kf7 36. Bd4 Re4 37. Bc3 Bc5+ 38. Kg2 Bd4 39. Rf3 c5 40. Rf5 1/2-1/2

[Event "Buenos Aires Grafica Yael Torre Blanca"]
[Site "Buenos Aires"]
[Date "2023.08.11"]
[Round "4"]
[White "Fiorito, Francisco"]
[Black "Moreno Perez, Tobias Sebastian"]
[Result "1/2-1/2"]
[WhiteElo "2340"]
[BlackElo "2307"]
[PlyCount "116"]
[EventDate "2023.08.08"]
[EventType "tourn"]
[EventRounds "9"]
[EventCountry "ARG"]
[EventCategory "1"]
[SourceTitle "CBM 215 Extra"]
[Source "ChessBase"]
[SourceDate "2023.09.30"]
[SourceVersion "1"]
[SourceVersionDate "2023.09.30"]
[SourceQuality "1"]

1. Nf3 d5 2. g3 Nf6 3. Bg2 Bf5 4. 0-0 e6 5. d3 h6 6. c4 c6 7. cxd5 exd5 8. Qb3 Qb6 9. Qc2 Be7 10. Nc3 0-0 11. e4 Bh7 12. Be3 Qa6 13. Rfd1 Nbd7 14. exd5 cxd5 15. Qb3 Rad8 16. d4 Qb6 17. Ne5 Bd6 18. Nxd7 Rxd7 19. Nxd5 Nxd5 20. Bxd5 Qxb3 21. Bxb3 Be4 22. Bc4 Rc8 23. Rdc1 Kf8 24. Bb3 Rcd8 25. Ba4 Re7 26. a3 Kg8 27. Rd1 Bd5 28. Rac1 Bc7 29. Rd2 g5 30. Bc2 Bb6 31. Bf5 Kg7 32. h3 f6 33. Kh2 Be4 34. Bxe4 Rxe4 35. d5 Bxe3 36. fxe3 Rxe3 37. Rc7+ Kg6 38. Rxb7 Rd6 39. Rxa7 Rb3 40. Ra5 Kf5 41. Rc5 Ke4 42. Rc3 Rb5 43. b4 Rdxd5 44. Re2+ Kd4 45. Rc6 Rf5 46. Kg2 Rbe5 47. Rxe5 fxe5 48. g4 Rf8 49. a4 e4 50. a5 e3 51. b5 e2 52. Re6 Kd3 53. a6 Kd2 54. a7 e1Q 55. Rxe1 Kxe1 56. b6 Ke2 57. b7 Rf2+ 58. Kg1 Rf1+ 1/2-1/2

[Event "Buenos Aires Grafica Yael Torre Blanca"]
[Site "Buenos Aires"]
[Date "2023.08.09"]
[Round "2"]
[White "Schnaider, Ilan"]
[Black "Moreno Perez, Tobias Sebastian"]
[Result "1/2-1/2"]
[WhiteElo "2220"]
[BlackElo "2307"]
[PlyCount "134"]
[EventDate "2023.08.08"]
[EventType "tourn"]
[EventRounds "9"]
[EventCountry "ARG"]
[EventCategory "1"]
[SourceTitle "CBM 215 Extra"]
[Source "ChessBase"]
[SourceDate "2023.09.30"]
[SourceVersion "1"]
[SourceVersionDate "2023.09.30"]
[SourceQuality "1"]

1. e4 c6 2. d4 d5 3. e5 Bf5 4. h4 h6 5. g4 Bd7 6. h5 c5 7. c3 Nc6 8. Na3 e6 9. Nc2 Qb6 10. Nf3 cxd4 11. cxd4 Rc8 12. Bd3 Nb4 13. Nxb4 Bxb4+ 14. Kf1 Bb5 15. Kg2 Bxd3 16. Qxd3 Qa6 17. Qb3 Ba5 18. Qa4+ b5 19. Qa3 Rc6 20. Be3 Bc7 21. Qd3 Ne7 22. Nd2 b4 23. Qxa6 Rxa6 24. Rhc1 Rc6 25. f4 Bb6 26. Nb3 Kd7 27. a3 Rxc1 28. Rxc1 bxa3 29. bxa3 Nc6 30. Kf3 Rb8 31. Ke2 a5 32. Kd3 a4 33. Nd2 Bd8 34. Rb1 Ra8 35. Rb7+ Bc7 36. Rb2 Rc8 37. Rb7 Rh8 38. Nb1 Na5 39. Rb4 Nc4 40. Nd2 Nb6 41. Nb1 Ra8 42. Bc1 Nc4 43. Nd2 Nb6 44. Nb1 Nc4 45. Nd2 Nxd2 46. Bxd2 g6 47. f5 gxf5 48. gxf5 exf5 49. Bxh6 Rh8 50. Bf4 Rxh5 51. e6+ Kc6 52. exf7 Rh3+ 53. Ke2 Rh8 54. Bh6 Bd6 55. Rxa4 Kb6 56. Bg7 Rc8 57. Rb4+ Kc6 58. Rb3 Kd7 59. Rb7+ Ke6 60. Bh6 Bxa3 61. Kf3 Kf6 62. Ra7 Be7 63. Rxe7 Kxe7 64. f8Q+ Rxf8 65. Bxf8+ Kxf8 66. Kf4 Ke7 67. Kxf5 Kf7 1/2-1/2

[Event "Buenos Aires 9 July op 5th"]
[Site "Buenos Aires"]
[Date "2023.05.28"]
[Round "7"]
[White "Tempone, Marcelo"]
[Black "Moreno Perez, Tobias Sebastian"]
[Result "1/2-1/2"]
[WhiteElo "2401"]
[BlackElo "2256"]
[PlyCount "24"]
[EventDate "2023.05.25"]
[EventType "swiss"]
[EventRounds "7"]
[EventCountry "ARG"]
[SourceTitle "CBM 214 Extra"]
[Source "ChessBase"]
[SourceDate "2023.07.31"]
[SourceVersion "1"]
[SourceVersionDate "2023.07.31"]
[SourceQuality "1"]

1. c4 c6 2. d4 d5 3. Nf3 Nf6 4. e3 Bf5 5. Nc3 e6 6. Bd3 Bxd3 7. Qxd3 Nbd7 8. 0-0 Bb4 9. Ne2 Bd6 10. Nc3 Bb4 11. Ne2 Bd6 12. Nc3 Bb4 1/2-1/2

[Event "Buenos Aires 9 July op 5th"]
[Site "Buenos Aires"]
[Date "2023.05.26"]
[Round "4"]
[White "Tristan, Leonardo"]
[Black "Moreno Perez, Tobias Sebastian"]
[Result "0-1"]
[WhiteElo "2545"]
[BlackElo "2256"]
[PlyCount "58"]
[EventDate "2023.05.25"]
[EventType "swiss"]
[EventRounds "7"]
[EventCountry "ARG"]
[SourceTitle "CBM 214 Extra"]
[Source "ChessBase"]
[SourceDate "2023.07.31"]
[SourceVersion "1"]
[SourceVersionDate "2023.07.31"]
[SourceQuality "1"]

1. e4 c6 2. Nf3 d5 3. exd5 cxd5 4. Ne5 Nf6 5. d4 Nc6 6. Bb5 Bd7 7. Nxd7 Qxd7 8. c3 e6 9. 0-0 Bd6 10. Nd2 0-0 11. Re1 a6 12. Bd3 b5 13. Nf3 Qc7 14. g3 b4 15. Bg5 bxc3 16. Bxf6 gxf6 17. bxc3 Kh8 18. c4 dxc4 19. Bxc4 Ne7 20. Rc1 Ba3 21. Rc2 Qd6 22. Qd3 a5 23. Qe4 Rac8 24. Bd3 Ng6 25. Qe3 Rxc2 26. Bxc2 Rc8 27. Bb3 Bb4 28. Rd1 Qa6 29. Ba4 Rc3 0-1

[Event "ARG-ch sf 98th"]
[Site "Buenos Aires"]
[Date "2023.05.04"]
[Round "6"]
[White "Slipak, Sergio"]
[Black "Moreno Perez, Tobias Sebastian"]
[Result "1/2-1/2"]
[WhiteElo "2388"]
[BlackElo "2226"]
[PlyCount "59"]
[EventDate "2023.04.29"]
[EventType "swiss"]
[EventRounds "9"]
[EventCountry "ARG"]
[SourceTitle "CBM 214 Extra"]
[Source "ChessBase"]
[SourceDate "2023.07.31"]
[SourceVersion "1"]
[SourceVersionDate "2023.07.31"]
[SourceQuality "1"]

1. e4 c6 2. d4 d5 3. exd5 cxd5 4. c4 Nf6 5. Nc3 e6 6. Nf3 Be7 7. cxd5 Nxd5 8. Bd3 Nc6 9. 0-0 0-0 10. Re1 Nf6 11. a3 b6 12. Bg5 Nd5 13. Bd2 Bb7 14. Qc2 Nf6 15. Be3 Rc8 16. Rad1 Qc7 17. d5 Nd8 18. Bg5 h6 19. d6 Bxd6 20. Bxf6 gxf6 21. Qa4 Bxf3 22. gxf3 Bxh2+ 23. Kg2 Kh8 24. Re4 Rg8+ 25. Kh1 Qc5 26. Rh4 Qxf2 27. Rxh6+ Kg7 28. Rxh2 Qxf3+ 29. Rg2+ Kf8 30. Qe4 1/2-1/2

[Event "ARG-ch sf 98th"]
[Site "Buenos Aires"]
[Date "2023.04.29"]
[Round "1"]
[White "Moreno Perez, Tobias Sebastian"]
[Black "Senestraro, Lucas"]
[Result "1-0"]
[WhiteElo "2226"]
[BlackElo "1731"]
[PlyCount "55"]
[EventDate "2023.04.29"]
[EventType "swiss"]
[EventRounds "9"]
[EventCountry "ARG"]
[SourceTitle "CBM 214 Extra"]
[Source "ChessBase"]
[SourceDate "2023.07.31"]
[SourceVersion "1"]
[SourceVersionDate "2023.07.31"]
[SourceQuality "1"]

1. d4 d5 2. Nf3 Nf6 3. c4 e6 4. Nbd2 Be7 5. g3 0-0 6. Bg2 b6 7. cxd5 exd5 8. 0-0 Nbd7 9. b3 Bb7 10. Bb2 c5 11. Rc1 Rc8 12. e3 Ne4 13. Ne5 Bf6 14. Nxe4 dxe4 15. Bh3 Bxe5 16. dxe5 Bc6 17. Qd6 Qc7 18. Rfd1 Qxd6 19. Rxd6 Rc7 20. Rxc6 Rxc6 21. Bxd7 Rc7 22. Rd1 Rd8 23. e6 Kf8 24. Bxg7+ Ke7 25. Be5 Rc6 26. Rc1 Rxe6 27. Bxe6 Kxe6 28. Bc3 1-0

[Event "Mar del Plata op 52nd"]
[Site "Mar del Plata"]
[Date "2023.04.05"]
[Round "6"]
[White "Moreno Perez, Tobias Sebastian"]
[Black "Matsuura, Everaldo"]
[Result "1/2-1/2"]
[WhiteElo "2226"]
[BlackElo "2408"]
[PlyCount "55"]
[EventDate "2023.04.01"]
[EventType "swiss"]
[EventRounds "9"]
[EventCountry "ARG"]
[SourceTitle "CBM 213 Extra"]
[Source "ChessBase"]
[SourceDate "2023.05.31"]
[SourceVersion "1"]
[SourceVersionDate "2023.05.31"]
[SourceQuality "1"]

1. Nf3 Nf6 2. c4 g6 3. Nc3 Bg7 4. g3 0-0 5. Bg2 d5 6. cxd5 Nxd5 7. 0-0 Nc6 8. d4 Nxc3 9. bxc3 Na5 10. Nd2 c6 11. Ba3 Be6 12. Qa4 b5 13. Qc2 Qc7 14. Bb4 Nc4 15. Nxc4 Bxc4 16. Qe4 Bd5 17. Qxe7 Qxe7 18. Bxe7 Bxg2 19. Kxg2 Rfe8 20. Bc5 Rxe2 21. a4 Bf8 22. Bxf8 Kxf8 23. axb5 cxb5 24. Rfb1 Rc2 25. Rxb5 Rxc3 26. Ra6 Rc7 27. Rba5 Rd8 28. Rxa7 1/2-1/2

[Event "ARG-ch U20"]
[Site "Buenos Aires"]
[Date "2023.02.20"]
[Round "7"]
[White "Farhat, Francisco"]
[Black "Moreno Perez, Tobias Sebastian"]
[Result "0-1"]
[WhiteElo "1866"]
[BlackElo "2237"]
[PlyCount "98"]
[EventDate "2023.02.17"]
[EventType "swiss"]
[EventRounds "9"]
[EventCountry "ARG"]
[SourceTitle "EXT 2024"]
[Source "ChessBase"]
[SourceDate "2023.10.10"]
[SourceVersion "1"]
[SourceVersionDate "2023.10.10"]
[SourceQuality "1"]

1. d4 Nf6 2. Bf4 d5 3. e3 c5 4. dxc5 Nc6 5. Bb5 e6 6. b4 Ne4 7. f3 Qf6 8. fxe4 Qxa1 9. exd5 exd5 10. Nf3 Qf6 11. Be5 Qd8 12. Nc3 Be6 13. 0-0 f6 14. Bg3 Be7 15. Nd4 Qd7 16. Nxe6 Qxe6 17. Nxd5 0-0-0 18. c4 Ne5 19. Qa4 Kb8 20. c6 Bd6 21. e4 Nxc6 22. Bxc6 Bxg3 23. Bxb7 Bxh2+ 24. Kxh2 Qd6+ 25. Kh1 Kxb7 26. Qb5+ Ka8 27. c5 Qb8 28. Qc4 Rhe8 29. c6 Qd6 30. b5 Rc8 31. a4 Re5 32. Kg1 Rh5 33. Rf3 Qh2+ 34. Kf2 Qh4+ 35. Ke2 Re5 36. Re3 Qg4+ 37. Kd2 Qxg2+ 38. Re2 Qg5+ 39. Kc2 Qg4 40. c7 Qe6 41. Kb3 f5 42. b6 fxe4 43. Rd2 e3 44. Qa6 Rxc7 45. Kb4 Rxd5 46. Rxd5 Qxd5 47. bxc7 Qb7+ 48. Qb5 Qxb5+ 49. axb5 Kb7 0-1

[Event "Titled Tuesday intern op 03rd Jan Late"]
[Site "Chess.com INT"]
[Date "2023.01.03"]
[Round "2"]
[White "Erdogdu, Mert"]
[Black "Moreno Perez, Tobias Sebastian"]
[Result "1/2-1/2"]
[WhiteElo "2413"]
[BlackElo "2249"]
[PlyCount "168"]
[EventDate "2023.01.03"]
[EventType "swiss (blitz)"]
[EventRounds "11"]
[EventCountry "USA"]
[SourceTitle "EXT 2024"]
[Source "ChessBase"]
[SourceDate "2023.10.10"]
[SourceVersion "1"]
[SourceVersionDate "2023.10.10"]
[SourceQuality "1"]

1. e4 c6 2. d4 d5 3. exd5 cxd5 4. c4 Nf6 5. Nc3 e6 6. Nf3 Be7 7. Bg5 0-0 8. Bd3 dxc4 9. Bxc4 Nc6 10. 0-0 Nd5 11. Bxe7 Ncxe7 12. Rc1 b6 13. Ne5 Bb7 14. Bb3 Rc8 15. Qg4 Nf6 16. Qf4 Ned5 17. Qg3 Nxc3 18. bxc3 Ne4 19. Qe3 Nd6 20. Rfd1 Rc7 21. c4 Qf6 22. c5 Nf5 23. Qf4 Ne7 24. Qg3 Rfc8 25. Ng4 Qg5 26. h4 Qg6 27. h5 Qg5 28. h6 Nf5 29. Qh3 Nxh6 30. Nxh6+ Qxh6 31. Qxh6 gxh6 32. Rc3 bxc5 33. Rdc1 c4 34. Rxc4 Rxc4 35. Rxc4 Rxc4 36. Bxc4 Kg7 37. g3 Kf6 38. Kf1 Be4 39. Ke2 Ke7 40. Ke3 Bg6 41. a3 Kd6 42. f4 h5 43. Kd2 h6 44. Kc3 f6 45. Bb3 Bf5 46. Bd1 Bg6 47. Bf3 Bf7 48. Kd3 Bg6+ 49. Ke3 Bf7 50. Bb7 Bg6 51. Bf3 Bf7 52. Be4 Be8 53. Bd3 Bf7 54. Be2 Bg6 55. Bd1 Bf7 56. Bb3 Be8 57. Ba2 Bg6 58. f5 Bxf5 59. Bc4 Bg4 60. Kf4 e5+ 61. dxe5+ fxe5+ 62. Ke3 Kc5 63. Bf7 Kb5 64. Be8+ Kc5 65. Ke4 Kd6 66. Bb5 Be6 67. Ba6 Bd5+ 68. Ke3 e4 69. Be2 Ke5 70. Bxh5 Be6 71. Bg6 Bd5 72. Bh7 Bc6 73. Bg6 Bb7 74. Bh7 a5 75. Bg6 Bc6 76. Bh7 Bd5 77. Bg6 Bc6 78. Bf7 Bd5 79. Be8 Be6 80. Bc6 Bf5 81. Bb7 Bg6 82. Bc6 Bf5 83. Bb7 Bg6 84. Bc6 Bf5 1/2-1/2

[Event "Titled Tuesday intern op 03rd Jan Late"]
[Site "Chess.com INT"]
[Date "2023.01.03"]
[Round "7"]
[White "Moreno Perez, Tobias Sebastian"]
[Black "Hernandez Bonilla, Amelia"]
[Result "1-0"]
[WhiteElo "2249"]
[BlackElo "2002"]
[PlyCount "29"]
[EventDate "2023.01.03"]
[EventType "swiss (blitz)"]
[EventRounds "11"]
[EventCountry "USA"]
[SourceTitle "EXT 2024"]
[Source "ChessBase"]
[SourceDate "2023.10.10"]
[SourceVersion "1"]
[SourceVersionDate "2023.10.10"]
[SourceQuality "1"]

1. e4 c5 2. Nc3 Nc6 3. Nge2 g6 4. g3 Bg7 5. Bg2 e6 6. 0-0 Nge7 7. f4 d6 8. d3 0-0 9. Kh1 f5 10. Be3 Nd4 11. a4 Rb8 12. a5 b6 13. axb6 axb6 14. Bxd4 c4 15. Bxg7 1-0

[Event "Titled Tuesday intern op 03rd Jan Late"]
[Site "Chess.com INT"]
[Date "2023.01.03"]
[Round "9"]
[White "Moreno Perez, Tobias Sebastian"]
[Black "Rodriguez Fontecha, Marcos"]
[Result "0-1"]
[WhiteElo "2249"]
[BlackElo "2309"]
[PlyCount "76"]
[EventDate "2023.01.03"]
[EventType "swiss (blitz)"]
[EventRounds "11"]
[EventCountry "USA"]
[SourceTitle "EXT 2024"]
[Source "ChessBase"]
[SourceDate "2023.10.10"]
[SourceVersion "1"]
[SourceVersionDate "2023.10.10"]
[SourceQuality "1"]

1. d4 d5 2. Bf4 Nf6 3. e3 c5 4. c3 Qb6 5. Qb3 Nc6 6. Nd2 c4 7. Qc2 g6 8. Ngf3 Bf5 9. Qc1 Bg7 10. b3 cxb3 11. axb3 0-0 12. h3 Ne4 13. Nxe4 Bxe4 14. Nd2 Bf5 15. Be2 e5 16. Bg3 exd4 17. cxd4 Nb4 18. 0-0 Rac8 19. Qa3 Rc2 20. Rfd1 a6 21. Bf1 Rfc8 22. Nf3 Bf8 23. Qa4 R2c3 24. Ne5 Nc2 25. Rac1 Qxb3 26. Qa5 Nxe3 27. Rxc3 Rxc3 28. fxe3 Rxe3 29. Bf2 Rxe5 30. dxe5 Qxd1 31. Qd8 Bd3 32. Bc5 Qxf1+ 33. Kh2 Qf4+ 34. Kg1 Qh6 35. Be7 Qe3+ 36. Kh1 Qe1+ 37. Kh2 Qxe5+ 38. Kg1 Qxe7 0-1

[Event "Titled Tuesday intern op 27th Dec Early"]
[Site "Chess.com INT"]
[Date "2022.12.27"]
[Round "6"]
[White "Guha, Eshan"]
[Black "Moreno Perez, Tobias Sebastian"]
[Result "0-1"]
[WhiteElo "2071"]
[BlackElo "2249"]
[PlyCount "122"]
[EventDate "2022.12.27"]
[EventType "swiss (blitz)"]
[EventRounds "11"]
[EventCountry "USA"]
[SourceTitle "EXT 2024"]
[Source "ChessBase"]
[SourceDate "2023.10.10"]
[SourceVersion "1"]
[SourceVersionDate "2023.10.10"]
[SourceQuality "1"]

1. b3 e5 2. Bb2 Nc6 3. e3 g6 4. f4 Bg7 5. Bb5 Nge7 6. Nf3 0-0 7. fxe5 d6 8. 0-0 Nxe5 9. Nc3 Nxf3+ 10. Qxf3 c6 11. Bd3 d5 12. Rab1 Nf5 13. Ne2 Bxb2 14. Rxb2 Re8 15. Rbb1 Qa5 16. b4 Qxa2 17. Nc3 Qxb1 18. Nxb1 b6 19. Nc3 a5 20. bxa5 bxa5 21. Na4 Be6 22. Nc5 a4 23. Ra1 a3 24. Qd1 Reb8 25. Nb3 a2 26. Qc1 Nd6 27. Be2 Ne4 28. Qb2 c5 29. Rxa2 Rxa2 30. Qxa2 c4 31. Nd4 Nxd2 32. g3 Bh3 33. Kf2 Rb6 34. Bf3 Rf6 35. Ke2 Nxf3 36. Nxf3 Bg4 37. Qa8+ Kg7 38. Qxd5 h5 39. h3 Rxf3 40. Qxf3 Bxf3+ 41. Kxf3 f5 42. e4 Kf6 43. exf5 Kxf5 44. Ke3 Ke5 45. g4 h4 46. g5 Kf5 47. Kd4 Kxg5 48. Kxc4 Kf4 49. Kd5 g5 50. c4 g4 51. hxg4 h3 52. c5 h2 53. c6 h1Q+ 54. Kd6 Qh6+ 55. Kd7 Qg7+ 56. Kd6 Qf8+ 57. Kd7 Ke5 58. c7 Qd6+ 59. Kc8 Qa6+ 60. Kb8 Qb6+ 61. Kc8 Kd6 0-1

[Event "Titled Tuesday intern op 27th Dec Early"]
[Site "Chess.com INT"]
[Date "2022.12.27"]
[Round "1"]
[White "Moreno Perez, Tobias Sebastian"]
[Black "Aravindh, Chithambaram VR"]
[Result "0-1"]
[WhiteElo "2249"]
[BlackElo "2607"]
[PlyCount "92"]
[EventDate "2022.12.27"]
[EventType "swiss (blitz)"]
[EventRounds "11"]
[EventCountry "USA"]
[SourceTitle "EXT 2024"]
[Source "ChessBase"]
[SourceDate "2023.10.10"]
[SourceVersion "1"]
[SourceVersionDate "2023.10.10"]
[SourceQuality "1"]

1. Nf3 b6 2. g3 Bb7 3. Bg2 c5 4. 0-0 e6 5. b3 Nf6 6. Bb2 Be7 7. c4 0-0 8. Nc3 d5 9. cxd5 Nxd5 10. Nxd5 Bxd5 11. Qc2 Nc6 12. Rad1 Bf6 13. Bxf6 Qxf6 14. e4 Nb4 15. Qb1 Bb7 16. d4 cxd4 17. Nxd4 Rfd8 18. Nb5 Qe5 19. Na3 Ba6 20. Nc4 Bxc4 21. bxc4 Na6 22. Qb5 Nc5 23. f4 Qc7 24. e5 Rxd1 25. Rxd1 Rd8 26. Rd6 g6 27. Qc6 Qb8 28. h4 Rc8 29. Qf3 Qc7 30. Rc6 Qd7 31. Rxc8+ Qxc8 32. Qa8 Qxa8 33. Bxa8 h5 34. Bc6 Nd3 35. a4 Nb4 36. Bb5 Kf8 37. Kf2 a6 38. Bd7 Ke7 39. Bc8 Nd3+ 40. Ke3 Nc5 41. a5 Kd8 42. Bxa6 Nxa6 43. axb6 Kd7 44. Kd4 Kc6 45. c5 Nxc5 46. b7 Nxb7 0-1

[Event "Titled Tuesday intern op 27th Dec Late"]
[Site "Chess.com INT"]
[Date "2022.12.27"]
[Round "3"]
[White "Moreno Perez, Tobias Sebastian"]
[Black "Korchmar, Vasiliy"]
[Result "0-1"]
[WhiteElo "2249"]
[BlackElo "2438"]
[PlyCount "76"]
[EventDate "2022.12.27"]
[EventType "swiss (blitz)"]
[EventRounds "11"]
[EventCountry "USA"]
[SourceTitle "EXT 2024"]
[Source "ChessBase"]
[SourceDate "2023.10.10"]
[SourceVersion "1"]
[SourceVersionDate "2023.10.10"]
[SourceQuality "1"]

1. d4 Nf6 2. Bf4 d5 3. e3 c5 4. c3 Nc6 5. Nd2 Bf5 6. Ngf3 Qb6 7. Qb3 c4 8. Qxb6 axb6 9. a3 e6 10. Rc1 h6 11. h3 b5 12. Be2 Nd7 13. 0-0 Nb6 14. Bd1 Na4 15. Bxa4 bxa4 16. Rfe1 Be7 17. e4 Bh7 18. exd5 exd5 19. Bd6 f6 20. Bxe7 Nxe7 21. Re6 Kd7 22. Rce1 Nc6 23. R6e3 Ra5 24. Nf1 Rb5 25. R1e2 Ra8 26. Ng3 Bg6 27. Nh4 Bd3 28. Rd2 g6 29. Ne2 g5 30. Nf3 Ra6 31. Nc1 Bb1 32. Nh2 Rab6 33. Ree2 Na5 34. Nf1 Nb3 35. Nxb3 Rxb3 36. Ne3 Bd3 37. Nxd5 Rd6 38. Re7+ Kd8 0-1